000 00676nam a2200217 i 4500
001 88543
003 ES-MaACL
005 20240522063038.0
007 t|
008 050104s1889 sp ||||1| spa d
100 1 _aLamartine, Alphonse de,
_d1790-1869
_969776
245 1 0 _aCristóbal Colón /
_cLamartine ; versión de José Comas.
260 _aBarcelona :
_b[s.n.],
_c1889.
300 _a188 , [4] p. ;
_c15 cm.
490 1 _aBiblioteca del siglo XIX
600 0 4 _aColón, Cristóbal-
_xBiografías.
_939871
700 1 _aComas, José.
_939935
830 0 _aBiblioteca del siglo XIX
_9184061
852 _aES-MaACL
_jT-612-F-2
999 _c88543
_d88543